Zavádzanie systému BOZP v Technických službách mesta Zlaté Moravce = Introduction system of safety and health protection at work in the company Technical services of the town Zlate Moravce : Diplomová práca

Guardado en:
Detalles Bibliográficos
Autor principal: Vasiľová, Jana (Autor)
Otros Autores: Tureková, Ivana, 1960- (xxx)
Formato: Manuscrito Libro
Lenguaje:eslovaco
Publicado: Trnava : STU v Bratislave MTF UBEI, 2009
Materias:
Etiquetas: Agregar Etiqueta
Sin Etiquetas, Sea el primero en etiquetar este registro!

MARC

LEADER 00000ntm a22000003a 4500
001 stu180258
005 20160719160122.2
008 090218s2009----xo------------------slo-d
040 |a STU  |b slo 
041 0 |a slo 
044 |a xo 
100 1 |a Vasiľová, Jana  |4 aut 
245 1 |a Zavádzanie systému BOZP v Technických službách mesta Zlaté Moravce = Introduction system of safety and health protection at work in the company Technical services of the town Zlate Moravce :  |b Diplomová práca 
260 |a Trnava :  |b STU v Bratislave MTF UBEI,  |c 2009 
300 |a 69 s  |c príl (1 CD-ROM) 
500 |a Študijný program: environmentálne a bezpečnostné inžinierstvo 
500 |a Kombinácia študijných odborov: 4.3.2 environmentálne inžinierstvo, 8.3.5 bezpečnosť a ochrana zdravia pri práci 
650 7 |a BOZP  |2 stusub 
700 1 |a Tureková, Ivana,  |d 1960-  |4 xxx  |u M5000  |U MTF Materiálovotechnologická fakulta  |T MTF Ústav bezpečnosti, environmentu a kvality  |X 207  |U M5000  |Y 85  |7 A000000207 
996 |b 284M069706  |c M*DP-7554  |l MMSKP  |s P  |a 0  |w stu180258_0001